Statistics for Presidents of Greece-3rd Hellenic Republic

Click here to take the quiz!

General Stats

  • This quiz has been taken 7 times
  • The average score is 7 of 9

Answer Stats

Political PartyPresident% Correct
IndependentChristos Sartzetakis
100%
PASOKKarolos Papoulias
100%
IndependentKaterina Sakellaropoulou
100%
New DemocracyKonstantinos Karamanlis
100%
IndependentKonstantinos Stefanopoulos
100%
New DemocracyProkopis Pavlopoulos
100%
New DemocracyKonstantinos Tsatsos
60%
PASOKIoannis Alevras
40%
New DemocracyMichail Stasinopoulos
40%

Score Distribution

Percentile by Number Answered

Percent of People with Each Score

Your Score History

You have not taken this quiz